Температура

Dettagli Bibliografici
Autore principale: Смородинский Я. А. Яков Абрамович
Riassunto:Популярный рассказ о том, как возникло понятие температуры и как была создана температурная шкала. В книге описываются основные понятия термодинамики и статистической физики в той мере, в какой это можно сделать в рамках знаний учащихся старших классов. Специальные разделы посвя­щены основным методам измерения и получения низких тем­ператур, а также температурам таких интересных объектов как звезды и черные дыры.Новое издание дополнено рассказами о хаосе, о ранней Все­ленной и др. Исправлены обнаруженные неточности.Для школьников, студентов, учителей,
Lingua:russo
Pubblicazione: Москва, Наука, 1987
Edizione:2-е изд., перераб. и доп.
Serie:Библиотечка "Квант" Вып. 12
Soggetti:
Natura: Libro
KOHA link:https://koha.lib.tpu.ru/cgi-bin/koha/opac-detail.pl?biblionumber=321757

MARC

LEADER 00000nam0a2200000 4500
001 321757
005 20231102003416.0
035 |a (RuTPU)RU\TPU\book\347313 
035 |a RU\TPU\book\333734 
090 |a 321757 
100 |a 20160905d1987 m y0rusy5003 ca 
101 0 |a rus 
102 |a RU 
105 |a a z 000zy 
200 1 |a Температура  |f Я. А. Смородинский 
205 |a 2-е изд., перераб. и доп. 
210 |a Москва  |c Наука  |d 1987 
215 |a 189 с.  |c ил. 
225 1 |a Библиотечка "Квант"  |v Вып. 12 
330 |a Популярный рассказ о том, как возникло понятие температуры и как была создана температурная шкала. В книге описываются основные понятия термодинамики и статистической физики в той мере, в какой это можно сделать в рамках знаний учащихся старших классов. Специальные разделы посвя­щены основным методам измерения и получения низких тем­ператур, а также температурам таких интересных объектов как звезды и черные дыры.Новое издание дополнено рассказами о хаосе, о ранней Все­ленной и др. Исправлены обнаруженные неточности.Для школьников, студентов, учителей, 
606 1 |a Температура  |2 stltpush  |3 (RuTPU)RU\TPU\subj\59392  |9 76945 
610 1 |a физика 
610 1 |a история 
610 1 |a градусные измерения 
610 1 |a тепловое равновесие 
610 1 |a теплота 
610 1 |a холод 
610 1 |a температурные шкалы 
610 1 |a вечный двигатель 
610 1 |a закон сохранения энергии 
610 1 |a распределение Максвелла 
610 1 |a магнитные стрелки 
610 1 |a квантовая механика 
610 1 |a хаос 
610 1 |a энтропия 
610 1 |a идеальный газ 
610 1 |a теплоемкость 
610 1 |a холодильники 
610 1 |a высокотемпературная сверхпроводимость 
610 1 |a античастицы 
610 1 |a антипротоны 
610 1 |a черные дыры 
610 1 |a флуктуации 
610 1 |a реликтовое излучение 
610 1 |a отрицательные температуры 
610 1 |a низкие температуры 
610 1 |a библиотека А. Г. Стромберга 
675 |a 536.5  |v 3 
700 1 |a Смородинский  |b Я. А.  |c физик-теоретик  |c профессор, доктор физико-математических наук  |f 1917-1992  |g Яков Абрамович  |2 stltpush  |3 (RuTPU)RU\TPU\pers\11911  |9 3020 
801 0 |a RU  |b 63413507  |c 19950704  |g psbo 
801 1 |a RU  |b 63413507  |c 20151102 
801 2 |a RU  |b 63413507  |c 20220224  |g RCR 
942 |c BK